Communication : (Record no. 4279)

MARC details
000 -LEADER
fixed length control field 00970cam a2200181 a 4500
020 ## - INTERNATIONAL STANDARD BOOK NUMBER
ISBN 0205392393
050 00 - CALL NUMBER
Classification number P90
Item number .S3994 2005
100 1# - AUTHOR
Personal name Seiler, William J.
245 10 - TITLE
Title Communication :
Remainder of title making connections /
Statement of responsibility, etc William J. Seiler, Melissa L. Beall.
250 ## - EDITION
Edition statement 6th ed.
260 ## - PUBLICATION INFORMATION
Place of publication Boston :
Name of publisher Pearson/Allyn & Bacon,
Year of publication c2005.
300 ## - DESCRIPTION
Number of Pages xxx, 494 p. :
Other physical details col. ill. ;
Dimensions 26 cm.
500 ## - NOTES
General note Includes index
505 ## - FORMATTED CONTENTS NOTE
Table of Content Communication perspective --<br/>Perception of self and others --<br/>Verbal communication --<br/>Nonverbal communication --<br/>Self-disclosure and feedback --<br/>Listening --<br/>Conversations --<br/>Communicating in relationships --<br/>Job interviewing --<br/>Participating in small groups --<br/>Leadership in groups --<br/>Topic and goal --<br/>Research --<br/>Organization --<br/>Adapting to audiences verbally and visually --<br/>Presenting your speech --<br/>Informative speaking --<br/>Persuasive speaking.
650 #0 - SUBJECTS
Topical Term Communication.
700 1# - OTHER AUTHORS
Personal name Beall, Melissa L.
942 ## - ADDED ENTRY ELEMENTS (KOHA)
Koha item type Books
Holdings
Withdrawn status Lost status Collection code Home library Current library Shelving location Date acquired Full call number Accession Number Koha item type
    Non-fiction Methodist University Library Main Methodist University Library Main General Stacks 29/08/2018 P90 .S3994 2005 3426 Books
Copyright © 2026  MUG Library